000 00482nam a22001937a 4500
003 OSt
005 20140310181927.0
008 130720t xxu||||| |||| 00| 0 eng d
020 _a9780023193811
050 _aLB 1585
_b.C277 1993
082 _aTRE 372.35044
_bC19 1993
245 _aTeaching modern science
_cArthur A. Carin
260 _aNew York
_bMacmillan
_c1993
300 _a337 p.
_c24 cm.
521 _a
541 _j1
562 _e1
942 _2lcc
_cBK-TR
_kTRE
999 _c7211
_d7211